| 000 | 00442nam a22001697a 4500 | ||
|---|---|---|---|
| 003 | Nust | ||
| 005 | 20170216102728.0 | ||
| 008 | 170216b xxu||||| |||| 00| 0 eng d | ||
| 040 | _cNust-MCE | ||
| 082 |
_a628.7 _bARC _cL-23, P-15 |
||
| 100 | _aArceivala Soli J | ||
| 245 |
_aWastewater Treatment for Pollution Control _cArceivala Soli J |
||
| 260 |
_aNew Delhi _bTata McGraw-Hill _cc1986 |
||
| 300 |
_bill _c18cm |
||
| 650 | _aMCE | ||
| 942 | _cBK | ||
| 999 |
_c226576 _d226576 |
||